000 00540nam a22001937a 4500
003 NUST - PNEC
005 20170116180817.0
008 150521b xxu||||| |||| 00| 0 eng d
020 _a8126511338
040 _cLIBRARY
082 _a510 KRE
100 _93666
_aKreyszig, Erwin
245 _aAdvanced Engineering Mathematics : Student solutions manual
_cErwin Kreyszig
250 _a8th ed
260 _aNew Delhi
_bJohn Wiley & Sons
_cc2001.
300 _a230 p. :
_c24 cm.
650 _93668
_aMathematics
_xME / EE
942 _2ddc
_cBK
999 _c63567
_d63567